Los guerrilleros de Levante y Aragón / (Record no. 190779)
[ view plain ]
| 000 -LEADER | |
|---|---|
| campo de control de longitud fija | 01259nam a2200301 i 4500 |
| 001 - NÚMERO DE CONTROL | |
| campo de control | 190779 |
| 003 - IDENTIFICADOR DE NÚMERO DE CONTROL | |
| campo de control | ES-MaACL |
| 005 - FECHA Y HORA DE LA ÚLTIMA TRANSACCIÓN | |
| campo de control | 20251015063159.0 |
| 008 - DATOS DE LONGITUD FIJA--INFORMACIÓN GENERAL | |
| campo de control de longitud fija | 220705m20072008sp f 001 0 spa |
| 020 ## - NÚMERO INTERNACIONAL ESTÁNDAR DEL LIBRO | |
| Número Internacional Estándar del Libro | 978-84-923939-7-8 |
| 080 ## - NÚMERO DE LA CLASIFICACIÓN DECIMAL UNIVERSAL | |
| Número de la Clasificación Decimal Universal | 355.425.4(460)"1939/75" |
| 100 1# - ENTRADA PRINCIPAL--NOMBRE DE PERSONA | |
| Nombre de persona | Cava, Salvador F., |
| Fechas asociadas al nombre | 1955- |
| 9 (RLIN) | 149352 |
| 245 14 - MENCIÓN DEL TÍTULO | |
| Título | Los guerrilleros de Levante y Aragón / |
| Mención de responsabilidad, etc. | Salvador F. Cava. |
| 250 ## - MENCION DE EDICION | |
| Mención de edición | 1ª ed. |
| 260 ## - PUBLICACIÓN, DISTRIBUCIÓN, ETC. | |
| Lugar de publicación, distribución, etc. | Cuenca : |
| Nombre del editor, distribuidor, etc. | Tomebamba, |
| Fecha de publicación, distribución, etc. | 2007-2008. |
| 300 ## - DESCRIPCIÓN FÍSICA | |
| Extensión | 2 v. : |
| Otras características físicas | lám. ; |
| Dimensiones | 24 cm. |
| 500 ## - NOTA GENERAL | |
| Nota general | Índices. |
| 504 ## - NOTA DE BIBLIOGRAFÍA, ETC. | |
| Nota de bibliografía, etc. | Referencias bibliográficas. |
| 505 8# - NOTA DE CONTENIDO CON FORMATO | |
| Nota de contenido con formato | Contiene: 1. 1945-1948: la lucha armada (660 p., [32] p. de lám.) -- 2. 1949-1952: el cambio de estrategia (621 p., [32] p. de lám.) |
| 610 24 - PUNTO DE ACCESO ADICIONAL DE MATERIA--NOMBRE DE ENTIDAD CORPORATIVA | |
| Nombre de entidad corporativa o nombre de jurisdicción como elemento de entrada | Agrupación Guerrillera de Levante y Aragón. |
| 9 (RLIN) | 174787 |
| 650 #4 - PUNTO DE ACCESO ADICIONAL DE MATERIA--TÉRMINO DE MATERIA | |
| Término de materia o nombre geográfico como elemento de entrada | Guerrilleros- |
| Subdivisión geográfica | España- |
| Subdivisión cronológica | 1939-1975. |
| 9 (RLIN) | 174788 |
| 852 4# - LOCALIZACIÓN | |
| Ubicación | ES-MaACL |
| Número de control de estantería | A-15000 |
| itemnumber | 197961 |
| Sublocalización o colección | R.153202 |
| Ubicación en estantería | Depósito 1 |
| Signatura antigua | Olim: N-8000 |
| Anotaciones manuscritas | Dedicatoria autógrafa del autor |
| Donativo/Legado | Donación: Salvador F. Cava |
| Designación de la unidad física | Vol.1 |
| 852 4# - LOCALIZACIÓN | |
| Ubicación | ES-MaACL |
| Número de control de estantería | A-15001 |
| Sublocalización o colección | R.153202 |
| Ubicación en estantería | Depósito 1 |
| Signatura antigua | Olim: N-8001 |
| Donativo/Legado | Donación: Editorial |
| Designación de la unidad física | Vol.2 |
| itemnumber | 201184 |
| 903 ## - NOMBRE PERSONAL DE DONANTE | |
| a | Cava, Salvador F., |
| d | 1955- |
| e | Donante |
| 9 | 149352 |
| 942 ## - ELEMENTOS DE ENTRADA SECUNDARIOS (KOHA) | |
| Fuente del sistema de clasificación o colocación | Clasificación decimal universal |
| Tipo de ítem Koha | Libro impreso |
| Estatus retirado | Estado de pérdida | Fuente del sistema de clasificación o colocación | Estado de daño | No para préstamo | Colección | Biblioteca de origen | Biblioteca actual | Ubicación en estantería | Fecha de adquisición | Fuente de adquisición | Enumeración/cronología de publicación seriada | Total de préstamos | Signatura topográfica completa | Código de barras | Visto por última vez | Precio de reemplazo | Tipo de ítem Koha | Nota pública |
|---|---|---|---|---|---|---|---|---|---|---|---|---|---|---|---|---|---|---|
| Clasificación decimal universal | Libros con dedicatorias | Biblioteca del Ateneo de Madrid | Biblioteca del Ateneo de Madrid | Depósito 1 | 05/07/2022 | Donación | v.1 | A-15000 | 1203048 | 23/02/2023 | 23/02/2023 | Libro impreso | Dedicatoria autógrafa del autor | |||||
| Clasificación decimal universal | Biblioteca del Ateneo de Madrid | Biblioteca del Ateneo de Madrid | Depósito 1 | 03/02/2024 | Donación | v.2 | A-15001 | 101206578 | 03/02/2024 | 03/02/2024 | Libro impreso |
